<?xml version="1.0" encoding="UTF-8"?>
<record
    xmlns:xsi="http://www.w3.org/2001/XMLSchema-instance"
    xsi:schemaLocation="http://www.loc.gov/MARC21/slim http://www.loc.gov/standards/marcxml/schema/MARC21slim.xsd"
    xmlns="http://www.loc.gov/MARC21/slim">

  <leader>02354cam a22003135a 4500</leader>
  <controlfield tag="001">18011229</controlfield>
  <controlfield tag="005">20151028151245.0</controlfield>
  <controlfield tag="008">140117t2015    flua   frbf   001 0 eng d</controlfield>
  <datafield tag="020" ind1=" " ind2=" ">
    <subfield code="a">9781466594562</subfield>
  </datafield>
  <datafield tag="040" ind1=" " ind2=" ">
    <subfield code="a">DLC</subfield>
    <subfield code="b">eng</subfield>
    <subfield code="c">DLC</subfield>
    <subfield code="d">DLC</subfield>
    <subfield code="d">EG-ScBUE</subfield>
  </datafield>
  <datafield tag="082" ind1="0" ind2="4">
    <subfield code="a">662.6</subfield>
    <subfield code="2">22</subfield>
    <subfield code="b">HAN</subfield>
  </datafield>
  <datafield tag="245" ind1="0" ind2="0">
    <subfield code="a">Handbook of alternative fuel technologies /</subfield>
    <subfield code="c">edited by Sunggyu Lee, James G. Speight, and Sudarshan K. Loyalka.</subfield>
  </datafield>
  <datafield tag="250" ind1=" " ind2=" ">
    <subfield code="a">2nd ed.</subfield>
  </datafield>
  <datafield tag="260" ind1=" " ind2=" ">
    <subfield code="a">Boca Raton :</subfield>
    <subfield code="b">CRC Press / Taylor &amp; Francis Group,</subfield>
    <subfield code="c">c.2015.</subfield>
  </datafield>
  <datafield tag="300" ind1=" " ind2=" ">
    <subfield code="a">xvii, 684 p. :</subfield>
    <subfield code="b">ill. ;</subfield>
    <subfield code="c">24 cm.</subfield>
  </datafield>
  <datafield tag="490" ind1="0" ind2=" ">
    <subfield code="a">Green chemistry and chemical engineering</subfield>
  </datafield>
  <datafield tag="500" ind1=" " ind2=" ">
    <subfield code="a">Index : p. 651-684.</subfield>
  </datafield>
  <datafield tag="504" ind1=" " ind2=" ">
    <subfield code="a">Includes bibliographical references.</subfield>
  </datafield>
  <datafield tag="520" ind1=" " ind2=" ">
    <subfield code="a">"This book focuses on the different intermediates and raw material options that can generate energy output and products equivalent to conventional petroleum sources. It presents short-term options for clean alternative energy sources that complement the development of long-term sustainable energy infrastructures. Detailing the chemical processes for each technology, the text also assesses the environmental impact, benefits, and performance of the various processes and fuel products. It also summarizes processing and transportation issues, safety concerns, regulations, and other practical considerations associated with alternative fuels"--</subfield>
  </datafield>
  <datafield tag="520" ind1=" " ind2=" ">
    <subfield code="a">"Energy has always been the foremost important resource upon which humans have relied for survival and productive activities. Industrialization and technological advancement of modern society have also been possible through the effective use of energy. There is a strong correlation between the index for quality of life and energy consumption. Heightened economic strength of a country, technological prosperity of a society, higher production output of an industry, improved finances of a household, and increased activities of an individual are also realized by effective utilization of energy"--</subfield>
  </datafield>
  <datafield tag="650" ind1=" " ind2="0">
    <subfield code="a">Fuel</subfield>
    <subfield code="v">Handbooks, manuals, etc.</subfield>
    <subfield code="2">BUEsh</subfield>
    <subfield code="9">4379</subfield>
  </datafield>
  <datafield tag="650" ind1=" " ind2="0">
    <subfield code="a">Fuel switching</subfield>
    <subfield code="v">Handbooks, manuals, etc.</subfield>
    <subfield code="2">BUEsh</subfield>
    <subfield code="9">4380</subfield>
  </datafield>
  <datafield tag="650" ind1=" " ind2="0">
    <subfield code="a">Power resources</subfield>
    <subfield code="v">Handbooks, manuals, etc.</subfield>
    <subfield code="2">BUEsh</subfield>
  </datafield>
  <datafield tag="653" ind1=" " ind2=" ">
    <subfield code="b">ENGGEN</subfield>
    <subfield code="c">June2015</subfield>
    <subfield code="c">October2015</subfield>
  </datafield>
  <datafield tag="700" ind1="1" ind2=" ">
    <subfield code="a">Lee, Sunggyu,</subfield>
    <subfield code="9">4378</subfield>
    <subfield code="e">editor.</subfield>
  </datafield>
  <datafield tag="700" ind1="1" ind2=" ">
    <subfield code="a">Speight, James G.,</subfield>
    <subfield code="e">editor.</subfield>
  </datafield>
  <datafield tag="700" ind1="1" ind2=" ">
    <subfield code="a">Loyalka, S. K.,</subfield>
    <subfield code="e">editor.</subfield>
  </datafield>
  <datafield tag="942" ind1=" " ind2=" ">
    <subfield code="2">ddc</subfield>
  </datafield>
  <datafield tag="999" ind1=" " ind2=" ">
    <subfield code="c">19902</subfield>
    <subfield code="d">19874</subfield>
  </datafield>
  <datafield tag="952" ind1=" " ind2=" ">
    <subfield code="0">0</subfield>
    <subfield code="1">0</subfield>
    <subfield code="2">ddc</subfield>
    <subfield code="4">0</subfield>
    <subfield code="7">0</subfield>
    <subfield code="8">Alahram</subfield>
    <subfield code="a">MAIN</subfield>
    <subfield code="b">MAIN</subfield>
    <subfield code="c">1ST</subfield>
    <subfield code="d">2015-06-24</subfield>
    <subfield code="e">Purchase</subfield>
    <subfield code="g">1368.00</subfield>
    <subfield code="h">311</subfield>
    <subfield code="l">0</subfield>
    <subfield code="o">662.6 HAN</subfield>
    <subfield code="p">000038951</subfield>
    <subfield code="r">2025-07-15 00:00:00</subfield>
    <subfield code="v">1710.00</subfield>
    <subfield code="y">BB</subfield>
  </datafield>
</record>
